000 00498nam a2200181Ia 4500
005 20250423095444.0
008 250422s9999 xx 000 0 und d
020 _a9780980162608
050 _aPN 1992.95 .F86/
100 _aEdited by Olufemi Onabajo & Ritchard M’Bayo
245 0 _aFundamentals of home video production
260 _aMaryland
260 _bAfrican Renaissance Books Incorporated
260 _c2008
300 _a174 p
650 _a Home video production.
942 _cBK
999 _c30326
_d30326